000 00373nam a2200133Ia 4500
008 240624s9999 xx 000 0 und d
041 _aeng
082 _a305.5688095483 MOH
100 _aMOHAN P SANAL
245 _aMODERNITY OF SLAVERY STRUGGLES AGAINST C
260 _c2015
_aNew Delhi
_bOxford University Press
300 _axix, : 345 : p. : cm. ; 22
365 _cRS
_b31
999 _c27041
_d27041